<?xml version="1.0" encoding="UTF-8"?>
<marc:record xmlns:marc="http://www.loc.gov/MARC21/slim">
   <marc:leader>00000nam a2200000 a 4500</marc:leader>
   <marc:datafield ind1="1" ind2=" " tag="100">
      <marc:subfield code="a">Osborne, Mary Pope</marc:subfield>
      <marc:subfield code="4">aut</marc:subfield>
      <marc:subfield code="e">Verfasser/-in</marc:subfield>
   </marc:datafield>
   <marc:datafield ind1="1" ind2=" " tag="100">
      <marc:subfield code="a">Rahn, Sabine</marc:subfield>
      <marc:subfield code="4">oth</marc:subfield>
      <marc:subfield code="e">Sonstiges</marc:subfield>
   </marc:datafield>
   <marc:datafield ind1="1" ind2=" " tag="100">
      <marc:subfield code="a">Knipping, Jutta</marc:subfield>
      <marc:subfield code="4">oth</marc:subfield>
      <marc:subfield code="e">Sonstiges</marc:subfield>
   </marc:datafield>
   <marc:datafield ind1="0" ind2="0" tag="245">
      <marc:subfield code="a">Das magische Baumhaus junior</marc:subfield>
   </marc:datafield>
   <marc:datafield ind1="0" ind2="0" tag="245">
      <marc:subfield code="b">das Geheimnis der Elfen</marc:subfield>
   </marc:datafield>
   <marc:datafield ind1="0" ind2="0" tag="245">
      <marc:subfield code="c">Osborne, Mary Pope</marc:subfield>
   </marc:datafield>
   <marc:datafield ind1=" " ind2="1" tag="264">
      <marc:subfield code="a">Bindlach</marc:subfield>
      <marc:subfield code="b">Loewe</marc:subfield>
      <marc:subfield code="c">2024</marc:subfield>
   </marc:datafield>
   <marc:datafield ind1="1" ind2=" " tag="490">
      <marc:subfield code="a">¬Das¬ magische Baumhaus Junior</marc:subfield>
      <marc:subfield code="v">38</marc:subfield>
   </marc:datafield>
   <marc:datafield ind1="1" ind2=" " tag="520">
      <marc:subfield code="a">Quelle: bn.bibliotheksnachrichten (http://www.biblio.at/literatur/bn/index.html); &#xD;
Autor: Anna Goiginger; &#xD;
Anne und Philipp sollen ein irisches Mädchen inspirieren. (ab 7) (JE)&#xD;
Dieses Mal verschlägt es die beiden Geschwister ins irische Galway im Jahre 1862. Mit einer Zauberflöte im Gepäck begeben sich Anne und Philipp auf die Suche nach einem kleinen Mädchen namens Augusta, das wieder glücklich gemacht werden soll. Einst war sie ein fantasievolles Mädchen, das aber den Zauber verloren hat. Das »kleine Volk«, Feen und Elfen, soll ihr diesen wieder zurückbringen. Die wundersamen Wesen werden mit der Zauberflöte angelockt, Augusta in deren Reich mitgenommen und die Kreativität fließt sodann auch wieder. Aufhänger ist die historische Figur der Lady Augusta Gregory, die Mitte des 19. Jahrhunderts Gedichte und Kurzgeschichten schrieb und später alte, irische Legenden veröffentlichte. Die Handlung an sich wirkt ein wenig holprig und sehr konstruiert, sodass ein organischer Spannungsaufbau kaum zustande kommt. Ein wenig irische Mythologie wird dennoch transportiert. Kinder ab 7 Jahren können das Buch allein lesen, ab 5 Jahren ist es zum Vorlesen geeignet.</marc:subfield>
   </marc:datafield>
   <marc:datafield ind1=" " ind2=" " tag="020">
      <marc:subfield code="a">9783743219458</marc:subfield>
      <marc:subfield code="9">9783743219458</marc:subfield>
   </marc:datafield>
   <marc:datafield ind1=" " ind2=" " tag="020">
      <marc:subfield code="a">374321945X</marc:subfield>
      <marc:subfield code="9">374321945X</marc:subfield>
   </marc:datafield>
   <marc:datafield ind1=" " ind2=" " tag="041">
      <marc:subfield code="a">ger</marc:subfield>
   </marc:datafield>
   <marc:datafield ind1=" " ind2=" " tag="300">
      <marc:subfield code="b">Illustrationen</marc:subfield>
   </marc:datafield>
   <marc:datafield ind1="0" ind2=" " tag="490">
      <marc:subfield code="v">38</marc:subfield>
   </marc:datafield>
   <marc:datafield ind1=" " ind2=" " tag="338">
      <marc:subfield code="a">Band</marc:subfield>
   </marc:datafield>
   <marc:datafield ind1=" " ind2=" " tag="300">
      <marc:subfield code="a">82 Seiten</marc:subfield>
   </marc:datafield>
</marc:record>
